| 000 | 00412nam a2200157 4500 | ||
|---|---|---|---|
| 001 | 113749 | ||
| 003 | ES-MaACL | ||
| 005 | 20230906190009.0 | ||
| 007 | t| | ||
| 008 | 061121m19001990sp r ||||1| cat d | ||
| 100 | 1 |
_aNogués, Xavier. _985890 |
|
| 245 | 1 | 3 |
_aLa Catalunya pintoresca / _cXavier Nogués. |
| 260 |
_a[s.l.] : _b[s.n.], _c[19__?] |
||
| 500 | _aEs el fascículo II. | ||
| 852 |
_aES-MaACL _j1586-F-22 |
||
| 999 |
_c113749 _d113749 |
||